INSIDE REPORTING (Record no. 25802)
[ view plain ]
| 000 -LEADER | |
|---|---|
| fixed length control field | 00287nam a22001337a 4500 |
| 008 - FIXED-LENGTH DATA ELEMENTS--GENERAL INFORMATION | |
| fixed length control field | 170831b xxu||||| |||| 00| 0 eng d |
| 020 ## - INTERNATIONAL STANDARD BOOK NUMBER | |
| International Standard Book Number | 9780073526140 |
| 041 ## - LANGUAGE CODE | |
| Language code of text/sound track or separate title | eng |
| 080 ## - UNIVERSAL DECIMAL CLASSIFICATION NUMBER | |
| Universal Decimal Classification number | 070 |
| 100 ## - Rafti | |
| Rafti | 40 |
| 101 ## - Shkurtesa | |
| Shkurtesa | MED |
| 245 ## - TITLE STATEMENT | |
| Title | INSIDE REPORTING |
| Statement of responsibility, etc | HARROWER,T |
| 942 ## - ADDED ENTRY ELEMENTS (KOHA) | |
| Source of classification or shelving scheme | |
| Item type | Books |
| Withdrawn status | Lost status | Source of classification or shelving scheme | Damaged status | Not for loan | Collection code | Permanent location | Current location | Shelving location | Date acquired | Total Checkouts | Full call number | Barcode | Date last seen | Price effective from | Koha item type |
|---|---|---|---|---|---|---|---|---|---|---|---|---|---|---|---|
| Koleksioni i përgjithshem | UBT - Lipjan | UBT - Lipjan | Koleksioni i përgjithshem | 08/31/2017 | 070 HAR | 002-299602 | 08/31/2017 | 08/31/2017 | Books | ||||||
| Koleksioni i përgjithshem | UBT - Lipjan | UBT - Lipjan | Koleksioni i përgjithshem | 08/31/2017 | 070 HAR | 002-2919575 | 08/31/2017 | 08/31/2017 | Books |